| 000 | 00834nam a2200313 a 4500 | ||
|---|---|---|---|
| 003 | AR-BaBNM | ||
| 005 | 20251128205700.0 | ||
| 008 | 082120s2002 ||||||||||||||000 | spa|| | ||
| 020 | _a950-506-225-7 | ||
| 040 | _cAR-BaBNM | ||
| 100 | 1 | _aMosejko de Costa, Danuta Teresa | |
| 245 | 0 | 0 | _aLa manipulación en el relato indigenista |
| 250 | _a1ª ed. | ||
| 260 |
_aBuenos Aires _bEdicial _c1994 |
||
| 300 | _a192 p. | ||
| 490 | 0 | _aEdicial universidad | |
| 500 | _aContiene referencias bibliográficas en p. 185 | ||
| 650 | 4 | _aTEORIA LITERARIA | |
| 650 | 4 | _aCRITICA LITERARIA | |
| 650 | 4 | _aLINGÜISTICA | |
| 650 | 4 | _aSEMIOLOGIA | |
| 653 | _aANALISIS DEL DISCURSO | ||
| 653 | _aINDIGENISMO | ||
| 653 | _aNATIVISMO | ||
| 655 | _aLITERATURA | ||
| 800 | 1 |
_aArnoux, Elvira _edirector |
|
| 942 | _cBK | ||
| 998 | _cMARTIN | ||
| 999 |
_c12385 _d12385 |
||